LEADER 00414cac0 22001691 450 001 LAEC00016900 005 20110502101414.0 100 $a20110502f0000 |||||ita|0103 ba 102 $aFR 110 $ab 200 1 $aLittérature$eTextes ed documents 801 0$aIT$bUNISOB$c20110502$gRICA 912 $aLAEC00016900 940 $aC 121 Collana SBN 941 $aC 996 $aLittérature$9212412 997 $aUNISOB LEADER 01525nam a22004215i 4500 001 991002258039707536 007 cr nn 008mamaa 008 100721s2010 gw | s |||| 0|eng d 020 $a9783642131714 035 $ab14146010-39ule_inst 040 $aBibl. Dip.le Aggr. Matematica e Fisica - Sez. Matematica$beng 082 04$a515.39$223 082 04$a515.48$223 084 $aAMS 30D 084 $aAMS 31B 084 $aAMS 32A 084 $aAMS 32H50 084 $aAMS 32Q 100 1 $aAbate, Marco$022089 245 10$aHolomorphic dynamical systems$h[e-book] :$bCetraro, Italy, july 7-12, 2008 /$cby Marco Abate ... [et al.] ; edited by Graziano Gentili, Jacques Guenot, Giorgio Patrizio 260 $aBerlin :$bSpringer,$c2010 300 $a1 online resource (xii, 348 p.) 440 0$aLecture Notes in Mathematics,$x0075-8434 ;$v1998 650 0$aMathematics 650 0$aDifferentiable dynamical systems 650 0$aFunctions of complex variables 650 0$aPotential theory (Mathematics) 650 0$aDifferential equations, partial 700 1 $aGentili, Graziano 700 1 $aGuenot, Jacques 700 1 $aPatrizio, Giorgio 773 0 $aSpringer eBooks 856 40$uhttp://dx.doi.org/10.1007/978-3-642-13171-4$zAn electronic book accessible through the World Wide Web 907 $a.b14146010$b03-03-22$c05-09-13 912 $a991002258039707536 996 $aHolomorphic dynamical systems$9261769 997 $aUNISALENTO 998 $ale013$b05-09-13$cm$d@ $e-$feng$gde $h0$i0 LEADER 03253nam 22005173 450 001 9910162881603321 005 20231110233641.0 010 $a9782806278371 010 $a2806278376 035 $a(CKB)3710000000880469 035 $a(MiAaPQ)EBC6559590 035 $a(Au-PeEL)EBL6559590 035 $a(OCoLC)1247661251 035 $a(Perlego)3573865 035 $a(Exl-AI)6559590 035 $a(EXLCZ)993710000000880469 100 $a20210901d2016 uy 0 101 0 $aspa 135 $aurcnu|||||||| 181 $ctxt$2rdacontent 182 $cc$2rdamedia 183 $acr$2rdacarrier 200 10$aAme?rico Vespucio $eDel Amazonas a Ri?o de Janeiro 210 1$aNamur :$cLemaitre Publishing,$d2016. 210 4$d©2016. 215 $a1 online resource (39 pages) 225 1 $aHistoria 311 08$a9782806282538 311 08$a2806282535 327 $aAmérico Vespucio -- Biografía -- Un entorno ilustre -- Un encuentro que cambiará su vida -- Contexto político, social y económico -- El Renacimiento florentino -- La Reconquista española -- A la conquista del mundo -- Las expediciones de Américo Vespucio -- Las condiciones de la partida  -- Primer viaje (mayo de 1497-octubre de 1498) -- Segundo viaje (mayo de 1499-septiembre de 1500) -- Tercer viaje (mayo de 1501-septiembre de 1502) -- Cuarto viaje (junio de 1503-junio de 1504) -- Repercusiones -- El legado de Américo Vespucio -- Un nombre para la prosperidad -- Américo Vespucio, un usurpador -- En resumen -- Para ir más allá$7Generated by AI. 330 8 $aEste libro es una gui?a pra?ctica y accesible para saber ma?s sobre Ame?rico Vespucio, que le aportara? la informacio?n esencial y le permitira? ganar tiempo. En tan solo 50 minutos, usted podra?: ? Descubrir la biografi?a de Ame?rico Vespucio y el contexto poli?tico, social y econo?mico en el que se enmarcan sus descubrimientos, en pleno renacimiento florentino ? Profundizar en los distintos viajes de Vespucio a Ame?rica, hacia nuevas regiones exploradas, gracias a las cartas y al opu?sculo que escribio? ? Analizar la contribucio?n de Vespucio a la navegacio?n cienti?fica, y la pole?mica que surge entorno a las voces que afirman que el italiano le usurpo? el papel de descubridor de Ame?rica a Cristo?bal Colo?n SOBRE en50MINUTOS.ES | Historia en50MINUTOS.ES le ofrece las claves para entender ra?pidamente los principales acontecimientos histo?ricos que cambiaron el mundo. Nuestras obras narran de forma ra?pida y eficaz una gran variedad de acontecimientos histo?ricos clave de distintas e?pocas, desde la Antigua Grecia hasta la cai?da del muro de Berli?n. ¡Descubra en un tiempo re?cord la historia que ha marcado el rumbo del mundo! 410 0$aHistoria 517 $aAmérico Vespucio 517 $aAmérico Vespucio 606 $aExplorers$zItaly$7Generated by AI 606 $aCartography$xHistory$7Generated by AI 615 0$aExplorers 615 0$aCartography$xHistory 700 $a50Minutos$0846905 801 0$bMiAaPQ 801 1$bMiAaPQ 801 2$bMiAaPQ 906 $aBOOK 912 $a9910162881603321 996 $aAme?rico Vespucio$91895596 997 $aUNINA